000
00272nam a2200109Ia 4500
008
200302s9999 xx 000 0 und d
100
_a
Elisabeth Kendall Thompson
245
_a
Houses of the West
260
_b
An Architectural Record Book
260
_c
1979
300
_a
193 P.,
999
_c
723
_d
723